000 00670nam a2200253Ia 4500
003 OSt
005 20220918185243.0
006 a|||||r|||| 00| 0
007 ta
008 220917b |||||||| |||| 00| 0 eng d
024 _a50,291
037 _cTextual
040 _aARTS
_cARTS
_beng
041 _2eng
_aeng
082 _aP,10aN, K5
100 _aMardinger E
_968387
245 0 _aAlphabets for graphic designers and architects
260 _aLondon
_bCrosby Lockwood
_c1965
300 _a127p.
_ccm.
650 _aLINGUISTICS
700 _a Beck L
_968388
942 _hP,10aN, K5
_cTEXL
_2CC
999 _c179888
_d179888